00715nam a2200157 a 450000100100000000500170001000800410002704000250006810000340009324501660012726000500029330000210034304900090036495201670037399900170054000003237320200930065616.0110714s1926 dr 000 0 spa d aDO-SdBNPbspacBNPHU1 aRepública Dominicana93584310aMemoria correspondiente al año 1925 que al ciudadano presidente de la República presenta al Sr. P. A. Ricart secretario de Estado de Sanidad y Beneficiencia. aSanto Domingo :bImp. Listín Diario,c1926. a169 p. ;c30 cm. aBNPD 001050718RVaPDbPDcCTd2011-07-14iLF1l0o p32373-10r2020-06-25w2020-06-25y1zPerteneció a la biblioteca personal de Julio Ortega Frier.ZNo se presta c31864d31864